00995cam a2200277 a 4500999001700000001000700017003000400024005001700028008004100045010001700086020003900103040001800142050002200160082001600182100002200198245005900220260004100279300003300320440004700353504005100400650002500451650003800476906004500514942003400559952012400593 c25925d25925590817OSt20170201151822.0901018s1990 enka b 001 0 eng  a 90205818  a1850007888 (alk. paper) :c£21.00 aDLCcDLCdDLC00aLB1028b.A47 199000a370/.782201 aAnderson, Gary J.00aFundamentals of educational research /cGary Anderson. aLondon ;aNew York :bFalmer,c1990. axi, 273 p. :bill. ;c24 cm. 0aFalmer Press teachers' library series ;v1 aIncludes bibliographical references and index. 0aEducationxResearch. 0aEducationxResearchxMethodology. a7bcbccorignewd2encipf19gy-gencatlg 2lcccBOOKShLB 1028 .A53 1990 00102lcc4070aMUCbMUCcTECHd2017-02-01eDonation (BFA)l0oLB 1028 .A53 1990p33617r2018-07-12w2017-02-01yBOOKS